Statistics for Pokemon- All Unused type Combos

Click here to take the quiz!

General Stats

  • This quiz has been taken 43 times
    (36 since last reset)
  • The average score is 10 of 19

Answer Stats

Combo% Correct
Fire/Fairy
70%
Fighting/Fairy
61%
Ground/Fairy
61%
Normal/Ghost
61%
Normal/Steel
61%
Poison/Steel
61%
Bug/Dark
57%
Dragon/Fairy
52%
Electric/Fighting
52%
Ice/Poison
52%
Normal/Bug
52%
Normal/Ice
52%
Normal/Poison
52%
Fire/Grass
48%
Normal/Rock
48%
Rock/Ghost
48%
Bug/Dragon
43%
Fighting/Ground
35%
Poison/Psychic
30%

Score Distribution

Percentile by Number Answered

Percent of People with Each Score

Your Score History

You have not taken this quiz since the last reset